[Event "Frankfurt Ch 2013"]
[Site "Ffm-Kalbach, LAZ"]
[Date "2013.04.29"]
[Round "1.56"]
[White "Mongi, Mario"]
[Black "Rennhack, Peer"]
[Result "0-1"]
[WhiteElo "1354"]
[BlackElo "1819"]
[PlyCount "46"]
[EventDate "2013.??.??"]
[WhiteTeam "Sfr. Frankfurt 1921"]
[BlackTeam "Frankfurter TV 1860"]

1. c4 Nf6 2. g3 d5 3. cxd5 Nxd5 4. Bg2 e5 5. Nc3 Nf6 6. Nf3 Nc6 7. O-O Bc5 8.
a3 a5 9. e3 Bg4 10. h3 Bf5 11. g4 Bd3 12. Re1 h5 13. g5 Nh7 14. h4 f6 15. Nxe5
fxe5 16. Qxh5+ g6 17. Qg4 Bf5 18. Qc4 Bd6 19. d4 Nxg5 20. Bxc6+ bxc6 21. e4
Nf3+ 22. Kf1 Bh3+ 23. Ke2 Nxd4+ 0-1

[Event "Frankfurt Ch 2013"]
[Site "Ffm-Kalbach, LAZ"]
[Date "2013.04.29"]
[Round "1.57"]
[White "Rolf, Marco"]
[Black "Herwig-Päutz, Martin"]
[Result "1-0"]
[WhiteElo "1819"]
[BlackElo "1321"]
[PlyCount "83"]
[EventDate "2013.??.??"]
[WhiteTeam "SK Bad Homburg 1927"]
[BlackTeam "Sfr.1891 Friedberg"]

1. d4 g6 2. c4 Bg7 3. Nf3 d6 4. Nc3 Nf6 5. e4 Bg4 6. Be2 Nc6 7. Be3 O-O 8. d5
Bxf3 9. Bxf3 Ne5 10. Be2 c6 11. O-O cxd5 12. cxd5 a6 13. Qb3 Qd7 14. h3 Nxe4
15. Nxe4 f5 16. Ng5 f4 17. Bb6 Qf5 18. Ne6 f3 19. Bxf3 Nxf3+ 20. Qxf3 Qxf3 21.
gxf3 Rxf3 22. Nxg7 Kxg7 23. Kg2 Raf8 24. Rac1 R3f5 25. Rfd1 Rg5+ 26. Kh2 Rff5
27. Rc7 Rxd5 28. Rxd5 Rxd5 29. Rxe7+ Kf6 30. Rxh7 Rd2 31. Rxb7 Ke5 32. Kg2 Ke4
33. Be3 Rc2 34. Rb4+ Kd5 35. Kf3 Rc8 36. h4 Rf8+ 37. Kg4 Ke5 38. Rb6 d5 39.
Rxa6 d4 40. Ra5+ Ke4 41. Ra4 Rd8 42. Rxd4+ 1-0

[Event "Frankfurt Ch 2013"]
[Site "Ffm-Kalbach, LAZ"]
[Date "2013.04.29"]
[Round "1.58"]
[White "Honert, Stefan"]
[Black "Goldt, Rainer"]
[Result "1/2-1/2"]
[WhiteElo "1304"]
[BlackElo "1818"]
[PlyCount "41"]
[EventDate "2013.??.??"]
[WhiteTeam "Sfr. Frankfurt 1921"]
[BlackTeam "Kreuznacher SV 1921"]

1. d4 d5 2. c4 e5 3. dxe5 d4 4. Nf3 Nc6 5. g3 Be6 6. b3 Bb4+ 7. Bd2 Nge7 8. Bg2
Bxd2+ 9. Qxd2 Qd7 10. O-O O-O-O 11. Na3 Ng6 12. Rfd1 Ngxe5 13. Nxe5 Nxe5 14.
Nb5 a6 15. Qa5 c5 16. Nxd4 cxd4 17. Qxe5 f6 18. Qe4 f5 19. Qf3 Qe7 20. Rac1 g6
21. Qd3 1/2-1/2

[Event "Frankfurt Ch 2013"]
[Site "Ffm-Kalbach, LAZ"]
[Date "2013.04.29"]
[Round "1.60"]
[White "Markulic, Petar"]
[Black "Makilla, Tobias"]
[Result "0-1"]
[WhiteElo "1643"]
[BlackElo "1807"]
[PlyCount "108"]
[EventDate "2013.??.??"]
[WhiteTeam "vereinslos"]
[BlackTeam "Sfr.1932 Kelkheim"]

1. e4 e5 2. f4 exf4 3. Nf3 g5 4. Bc4 Nc6 5. c3 d6 6. O-O Be6 7. Bb5 Bd7 8. b4
Bg7 9. d4 Qe7 10. a4 Nf6 11. d5 Ne5 12. Bxd7+ Nfxd7 13. Nd4 O-O-O 14. Nf5 Qf6
15. Ra2 Rhe8 16. Bb2 Nc4 17. Nxg7 Qxg7 18. Qd3 Nde5 19. Qd4 a6 20. Nd2 Nxd2 21.
Qxd2 Nc4 22. Qd3 Nxb2 23. Rxb2 Qe5 24. Re2 Re7 25. Qd4 Kb8 26. b5 a5 27. b6
Qxd4+ 28. cxd4 cxb6 29. Rb1 Ka7 30. Reb2 Rxe4 31. Rxb6 Rb8 32. R1b5 Rxd4 33.
Rxd6 b6 34. Rc6 Rb4 35. Rxb4 axb4 36. Rc4 Rd8 37. Rxb4 Rxd5 38. Kf2 Kb7 39. h4
f6 40. Kf3 h5 41. hxg5 fxg5 42. g4 Rd3+ 43. Ke4 Re3+ 44. Kf5 hxg4 45. Kxg4 Rg3+
46. Kf5 f3 47. Rb1 Ka6 48. Ke4 Ka5 49. Ke3 g4 50. Kf2 Rg2+ 51. Kf1 Ra2 52. Rb5+
Ka6 53. Rb4 g3 54. Rb1 Rh2 0-1

[Event "Frankfurt Ch 2013"]
[Site "Ffm-Kalbach, LAZ"]
[Date "2013.04.29"]
[Round "1.62"]
[White "Minor, Samuel"]
[Black "Lopez, Victor"]
[Result "1-0"]
[WhiteElo "2174"]
[BlackElo "1430"]
[PlyCount "69"]
[EventDate "2013.??.??"]
[WhiteTeam "Wiesbadener SV 1885"]
[BlackTeam "SC 1910 Höchst"]

1. e4 e5 2. Nf3 d6 3. d4 exd4 4. Nxd4 Nf6 5. Nc3 Be7 6. Be2 Nc6 7. O-O O-O 8.
f4 Nxd4 9. Qxd4 b6 10. Kh1 Bb7 11. Bf3 c6 12. b3 Qc7 13. Bb2 Rfd8 14. Rad1 Ne8
15. Rd2 Bf8 16. Rfd1 f6 17. Ne2 b5 18. c4 c5 19. Qd3 b4 20. f5 Qe7 21. g4 Rd7
22. h4 Rad8 23. Nf4 Nc7 24. Rg1 g5 25. fxg6 Bh6 26. Nh5 Ne8 27. gxh7+ Qxh7 28.
g5 fxg5 29. hxg5 Bg7 30. Rh2 Qg6 31. Bxg7 Re7 32. Nf6+ Nxf6 33. gxf6 Bxe4 34.
Rxg6 Bxf3+ 35. Qxf3 1-0